[Event "POR-ch U14"]
[Site "Luso"]
[Date "2018.03.28"]
[Round "7"]
[White "Moreira, Simao Chaves"]
[Black "Sismeiro, Miguel"]
[Result "0-1"]
[WhiteElo "1615"]
[BlackElo "1686"]
[PlyCount "56"]
[EventDate "2018.03.24"]
[EventType "swiss"]
[EventRounds "7"]
[EventCountry "POR"]
[SourceTitle "EXT 2019"]
[Source "ChessBase"]
[SourceDate "2018.10.10"]
[SourceVersion "1"]
[SourceVersionDate "2018.10.10"]
[SourceQuality "1"]

1. e4 e5 2. Nf3 Nc6 3. d4 exd4 4. Nxd4 Bc5 5. Be3 Qf6 6. Nb5 Bxe3 7. fxe3 Qe5 8. Nd2 Kf8 9. Be2 Nf6 10. Nc3 Qg5 11. Nc4 a6 12. Bf3 Qc5 13. Qe2 d6 14. 0-0 Be6 15. Nd2 Ne5 16. Nb3 Qc4 17. Rad1 Qxe2 18. Bxe2 Bc4 19. Bxc4 Nxc4 20. Rde1 Re8 21. Rf4 c5 22. Kf2 Re5 23. Rd1 Ke7 24. Nd2 Nxd2 25. Rxd2 g5 26. Rf5 Nxe4+ 27. Nxe4 Rxf5+ 28. Ke2 Rd8 0-1

[Event "POR-ch U14"]
[Site "Luso"]
[Date "2018.03.27"]
[Round "5"]
[White "Vieira, Pedro"]
[Black "Moreira, Simao Chaves"]
[Result "0-1"]
[WhiteElo "1338"]
[BlackElo "1615"]
[PlyCount "82"]
[EventDate "2018.03.24"]
[EventType "swiss"]
[EventRounds "7"]
[EventCountry "POR"]
[SourceTitle "EXT 2019"]
[Source "ChessBase"]
[SourceDate "2018.10.10"]
[SourceVersion "1"]
[SourceVersionDate "2018.10.10"]
[SourceQuality "1"]

1. e4 e5 2. Nf3 Nc6 3. Bb5 a6 4. Ba4 Nf6 5. d3 b5 6. Bb3 Be7 7. Nc3 d6 8. a3 0-0 9. 0-0 Bb7 10. Bg5 h6 11. Bxf6 Bxf6 12. Ne2 g6 13. Qd2 Bg7 14. c3 Na5 15. Ba2 c5 16. Rfd1 Kh7 17. Ng3 Qc7 18. Rac1 Rad8 19. c4 Nc6 20. Nf1 b4 21. Ne3 a5 22. Nd5 Qd7 23. axb4 Nxb4 24. Bb3 Nxd5 25. exd5 a4 26. Bc2 f5 27. Ra1 Ra8 28. Re1 Rfb8 29. Qd1 Qd8 30. Rxa4 g5 31. d4 e4 32. Nd2 cxd4 33. Rxa8 Rxa8 34. Nb3 d3 35. Bb1 Bxb2 36. f3 Qb6+ 37. Kh1 Bc3 38. Rf1 Re8 39. fxe4 fxe4 40. Qh5 Re7 41. Rf6 Bxf6 0-1

[Event "POR-ch U14"]
[Site "Luso"]
[Date "2017.04.11"]
[Round "6"]
[White "Moreira, Simao Chaves"]
[Black "Faria, Miguel Mendes"]
[Result "1-0"]
[WhiteElo "1452"]
[BlackElo "1110"]
[PlyCount "65"]
[EventDate "2017.04.08"]
[EventType "swiss"]
[EventRounds "8"]
[EventCountry "POR"]
[SourceTitle "EXT 2018"]
[Source "ChessBase"]
[SourceDate "2017.10.13"]
[SourceVersion "1"]
[SourceVersionDate "2017.10.13"]
[SourceQuality "1"]

1. e4 c5 2. Nf3 e6 3. d4 cxd4 4. Nxd4 Nc6 5. Nxc6 bxc6 6. Bd3 Qc7 7. 0-0 Nf6 8. b3 Be7 9. Bb2 d6 10. f4 e5 11. c4 exf4 12. Rxf4 d5 13. e5 Nd7 14. Qe2 0-0 15. Rf1 Re8 16. Bxh7+ Kf8 17. Kh1 Bf6 18. cxd5 cxd5 19. Ba3+ Nc5 20. Qb5 Rb8 21. Qxc5+ Qxc5 22. Bxc5+ Be7 23. Bxe7+ Rxe7 24. Nd2 g6 25. Bxg6 f6 26. Rxf6+ Kg8 27. Nf3 Kg7 28. Re1 Bb7 29. Nd4 Rc8 30. Nf5+ Kh8 31. Nxe7 Rc7 32. Rf7 Rc2 33. Rh7# 1-0

[Event "Lisbon Portugal op"]
[Site "Lisbon"]
[Date "2017.02.05"]
[Round "3"]
[White "Fernandes, Ricardo Paulos"]
[Black "Moreira, Simao Chaves"]
[Result "1-0"]
[WhiteElo "1790"]
[BlackElo "1437"]
[PlyCount "105"]
[EventDate "2017.02.04"]
[EventType "swiss"]
[EventRounds "9"]
[EventCountry "POR"]
[SourceTitle "CBM 176 Extra"]
[Source "ChessBase"]
[SourceDate "2017.03.02"]
[SourceVersion "1"]
[SourceVersionDate "2017.03.02"]
[SourceQuality "1"]

1. e4 e5 2. Nf3 Nc6 3. Bc4 Nf6 4. Nc3 Nxe4 5. Bxf7+ Kxf7 6. Nxe4 d5 7. Ng3 e4 8. Ng1 Be6 9. N1e2 Bd6 10. Nc3 Ne7 11. d3 exd3 12. Qf3+ Kg8 13. Qxd3 Bxg3 14. fxg3 Bf5 15. Qd1 h6 16. 0-0 Bg6 17. Bf4 c6 18. Ne2 Kh7 19. Be5 Nf5 20. Qd2 Re8 21. Bf4 d4 22. Rf2 Ne3 23. Nxd4 Nc4 24. Qc3 Qd5 25. b3 Nb6 26. Rd2 Qf7 27. Nf3 Nd5 28. Qc4 Re4 29. Rd4 Rxd4 30. Nxd4 Re8 31. Qf1 Qf6 32. Rd1 Nc3 33. Rd2 Qd8 34. Nf3 Qb6+ 35. Kh1 Ne4 36. Re2 Rd8 37. Be3 Qb5 38. c4 Qf5 39. Kg1 Nc3 40. Re1 Qd3 41. Qxd3 Rxd3 42. Ne5 Rd1 43. Rxd1 Nxd1 44. Bxa7 Bb1 45. a3 Kg8 46. Bc5 Ba2 47. b4 Nb2 48. b5 cxb5 49. cxb5 Na4 50. Bd4 Kf8 51. Nd7+ Kf7 52. Kf2 Bc4 53. Ne5+ 1-0

[Event "Portugal op"]
[Site "Oeiras"]
[Date "2015.09.05"]
[Round "9"]
[White "Veiga, Jose Francisco RP"]
[Black "Moreira, Simao Chaves"]
[Result "1-0"]
[WhiteElo "1801"]
[BlackElo "1355"]
[PlyCount "107"]
[EventDate "2015.08.30"]
[EventType "swiss"]
[EventRounds "9"]
[EventCountry "POR"]
[SourceTitle "EXT 2016"]
[Source "ChessBase"]
[SourceDate "2015.10.08"]
[SourceVersion "1"]
[SourceVersionDate "2015.10.08"]
[SourceQuality "1"]

1. e4 e5 2. Nf3 Nc6 3. Bb5 a6 4. Ba4 Nf6 5. 0-0 Be7 6. Re1 b5 7. Bb3 d6 8. c3 0-0 9. h3 Na5 10. Bc2 c5 11. d4 Qc7 12. Nbd2 cxd4 13. cxd4 Nc6 14. d5 Nd4 15. Nxd4 exd4 16. Nf3 Re8 17. Nxd4 Bf8 18. Bf4 Bd7 19. Rc1 Qb6 20. Nf3 Nh5 21. Be3 Qb7 22. Qd3 g6 23. Bd4 Rac8 24. Bb3 a5 25. a3 Rxc1 26. Rxc1 Rc8 27. Rxc8 Qxc8 28. Qc3 Qd8 29. e5 Nf4 30. Qd2 Bh6 31. Be3 dxe5 32. Nxe5 g5 33. Bxf4 gxf4 34. d6 Be6 35. Bxe6 fxe6 36. d7 Bg5 37. Nc6 Qb6 38. d8Q+ Bxd8 39. Qxd8+ Qxd8 40. Nxd8 Kg7 41. Nxe6+ Kf6 42. Nd4 Ke5 43. Nxb5 a4 44. Nc3 h5 45. Nxa4 h4 46. b4 f3 47. gxf3 Kf4 48. b5 Kxf3 49. b6 Ke2 50. b7 Kd1 51. b8Q Ke1 52. Qb2 Kd1 53. Nc3+ Ke1 54. Qc1# 1-0

[Event "Portugal op"]
[Site "Oeiras"]
[Date "2015.09.01"]
[Round "4"]
[White "Martins, Jose Carlos Caetano"]
[Black "Moreira, Simao Chaves"]
[Result "0-1"]
[WhiteElo "1097"]
[BlackElo "1355"]
[PlyCount "100"]
[EventDate "2015.08.30"]
[EventType "swiss"]
[EventRounds "9"]
[EventCountry "POR"]
[SourceTitle "EXT 2016"]
[Source "ChessBase"]
[SourceDate "2015.10.08"]
[SourceVersion "1"]
[SourceVersionDate "2015.10.08"]
[SourceQuality "1"]

1. e4 e5 2. Nf3 Nc6 3. Bc4 Bc5 4. 0-0 Nf6 5. Nc3 0-0 6. d3 h6 7. Be3 Bb6 8. Bxb6 axb6 9. Qd2 d6 10. h3 Be6 11. Bb3 d5 12. exd5 Nxd5 13. Nxd5 Bxd5 14. Bxd5 Qxd5 15. a3 Rad8 16. Rad1 Nd4 17. Nxd4 Qxd4 18. c3 Qd6 19. Rfe1 f5 20. f3 Rfe8 21. Re2 e4 22. fxe4 fxe4 23. dxe4 Qc5+ 24. Qe3 Rxd1+ 25. Kh2 Qxe3 26. Rxe3 Rd2 27. b4 Kf7 28. Kg3 Kg6 29. Kg4 Rxg2+ 30. Kf3 Rg5 31. Rd3 Rf8+ 32. Ke2 Rg2+ 33. Ke1 Rf4 34. Rd7 Rxe4+ 35. Kd1 Rc4 36. Rd3 Ra2 37. Rg3+ Kh7 38. Kc1 g5 39. Kb1 Rxa3 40. Kb2 Raxc3 41. Rxc3 Rxc3 42. Kxc3 Kg6 43. Kd3 h5 44. Ke4 Kf6 45. b5 g4 46. hxg4 hxg4 47. Kf4 Ke6 48. Kxg4 Kd5 49. Kf5 c5 50. bxc6 bxc6 0-1

[Event "Lisbon Cup 26th"]
[Site "Lisbon"]
[Date "2015.01.18"]
[Round "1"]
[White "Moreira, Simao Chaves"]
[Black "Quintino, Luis Felipe Pires"]
[Result "0-1"]
[WhiteElo "1319"]
[BlackElo "1968"]
[PlyCount "82"]
[EventDate "2015.01.18"]
[EventType "swiss"]
[EventRounds "7"]
[EventCountry "POR"]
[SourceTitle "EXT 2017"]
[Source "ChessBase"]
[SourceDate "2016.10.25"]
[SourceVersion "1"]
[SourceVersionDate "2016.10.25"]
[SourceQuality "1"]

1. e4 Nf6 2. e5 Nd5 3. d4 d6 4. Nf3 Bg4 5. Be2 e6 6. c4 Nb6 7. b3 dxe5 8. dxe5 Qxd1+ 9. Bxd1 Nc6 10. Bb2 Bb4+ 11. Nbd2 0-0-0 12. a3 Bxf3 13. axb4 Bxd1 14. Rxd1 Nxb4 15. 0-0 Rd3 16. f4 Rhd8 17. Rf2 Nc2 18. Bc1 Rxb3 19. Nxb3 Rxd1+ 20. Rf1 Rxf1+ 21. Kxf1 Nxc4 22. Ke2 Nb4 23. Nd4 a5 24. Bd2 Nxd2 25. Kxd2 c6 26. Kc3 Nd5+ 27. Kb3 Kc7 28. g3 b5 29. Ka3 g6 30. Kb3 Kb6 31. Ka3 c5 32. Nc2 c4 33. Kb2 b4 34. Nd4 Kc5 35. Ne2 a4 36. Kc2 a3 37. Kb1 b3 38. Ka1 c3 39. f5 c2 40. fxe6 Nb4 41. exf7 b2# 0-1